000 01531nam a22003737a 4500
003 CHAP
005 20220329143453.0
008 91127 s2009 mx r 00010 spa d
010 _a97149
011 _a98121
035 _a108804
040 _cCHAP
090 _aTesis
100 1 _aBartolón Solís,Marcelina Yoliberth.
_910644
245 1 0 _aPlan de negocios para la construcción del centro de acopio para ganado caprino en Municipio de Dr. Arroyo, N.L.Ganado
_c/por Marcelina Yoliberth Bartolón Solis y Albero Sarmiento Escobar
260 _aChapingo, Méx. :
_bEl autor,
_c2009
300 _a99 h. :
_bAnexos, figura, gráfs. , ilus. , mapas, Tablas
502 _aTesis (Lic. en Economía Agrícola) -- UACH. División de Ciencias Económico- Administrativas
590 _aALEPH
_b10
_c20130110
_lUCH01
_h1531
590 _aBATCH-UPD
_b10
_c20130110
_lUCH01
_h1001
590 _aBATCH-UPD
_b10
_c20130410
_lUCH01
_h0612
590 _aBATCH-UPD
_b10
_c20130914
_lUCH01
_h0544
590 _aCONVERSION
_b10
_c20130109
_lUCH01
_h1354
650 1 4 _aEmpresas agropecuarias.
_936649
650 1 4 _aGanado cabrío
_xMercadeo.
_945025
650 1 4 _aGanado cabrío
_xNuevo León.
_945029
650 1 4 _aGanado cabrío
_xProducción.
_945038
650 1 4 _aGanado cabrío
_xRazas.
_945042
700 1 0 _aSarmiento Escobar, Alberto.
_9102643
901 _aBK
942 _cFOLL
949 _aTesis
_bBC
_cTES
_d33724002133082
_eTS1
_gDonaciØn
_h49756
_i108804
_sb
949 _aTesis
_bBC
_cTES
_d33724002133124
_eTS2
_fc.2
_gDonaciØn
_h49757
_i108804
_sb
999 _c97149
_d97149